| 000 -CABECERA |
| fixed length control field |
01831nam a22002417a 4500 |
| 003 - IDENTIFICADOR DEL NÚMERO DE CONTROL |
| control field |
AR-CdUCM |
| 008 - DATOS DE LONGITUD FIJA--INFORMACIÓN GENERAL |
| fixed length control field |
190425b ||||| |||| 00| 0 spa d |
| 040 ## - FUENTE DE LA CATALOGACIÓN |
| Agencia/entidad que catalogó originalmente la obra |
MUNICIPALIDAD PROVINCIAL DEL CUSCO |
| Entidad que transcribió la catalogación |
BIBLIOTECA MUNICIPAL DEL CUSCO |
| 082 ## - NÚMERO DE LA CLASIFICACIÓN DECIMAL DEWEY |
| No. de Clasificación |
Rev.Inv/N°1/2001 |
| 110 ## - ENTRADA PRINCIPAL--NOMBRE DE ENTIDAD CORPORATIVA |
| Nombre de la institución, jurisdicción como entrada principal |
Universidad Nacional de San Antonio Abad del Cusco |
| 9 (RLIN) |
15942 |
| 245 ## - MENCIÓN DE TÍTULO |
| Título |
Revista de investigación / |
| Mención de responsabilidad |
Concejo de Investigación |
| 260 ## - PUBLICACIÓN, DISTRIBUCIÓN, ETC. |
| Lugar de publicación, distribución, etc. |
Cusco. |
| Nombre de la editorial, distribuidor, etc. |
UNSAAC, |
| Fecha de publicación, distribución, etc. |
2001. |
| 300 ## - DESCRIPCIÓN FÍSICA |
| Nº de Páginas Extensión |
82 páginas. : |
| Otros detalles físicos |
ilustraciones ; |
| Dimensiones |
30 cm. |
| 440 ## - MENCIÓN DE SERIE/PUNTO DE ACCESO ADICIONAL--TÍTULO |
| Título |
Revista de investigación. |
| Número de la parte/sección de una obra |
Año 01, diciembre 2001 |
| 9 (RLIN) |
47083 |
| 505 ## - NOTA DE CONTENIDO CON FORMATO |
| Nota de contenido formateada |
Contenido: Estudio de composición Química del aceite esencial de Tagetes Filifolia Lag, obtenido en Cusco. -- Evaluación de impacto ambiental en la subcuenca de Curahuasi Abancay. -- Estructura de la comunidad arborea arbustiva de Polylepis besseri Yanacocha Urubamba Cusco. -- Evaluación de una comunidad biótica en Pumamarca Cusco. -- Evaluación Propolis como controlador de larvas en la comunidad de Tangabamba, Chinchero Urubamba Cusco. -- Curticion artesanal de pieles de camélidos usando masa encefálica de porcinos y vacunos. -- Proceso de eutrofización de la laguna de Wacarpay, Lucre Cusco. -- Monitoreo comparativo de la función ruminal entre ovinos criollos, alpacas y llamas. -- Sistemas de policultivos de maíz en el Valle Sagrado de los Incas. -- Tecnología del procesamiento agroindustrial de cultivos andinos. -- Percepción de precursores directos para el diseño de un sistema autónomo de síntesis orgánica. -- Agroecosistemas de la zona de Maras y Chinchero Apurímac. |
| 650 ## - PUNTO DE ACCESO ADICIONAL DE MATERIA--TÉRMINO DE MATERIA |
| Descriptor |
Impacto ambiental |
| 9 (RLIN) |
44210 |
| 650 ## - PUNTO DE ACCESO ADICIONAL DE MATERIA--TÉRMINO DE MATERIA |
| Descriptor |
Agroecosistema |
| 9 (RLIN) |
47084 |
| 650 ## - PUNTO DE ACCESO ADICIONAL DE MATERIA--TÉRMINO DE MATERIA |
| Descriptor |
Artesanía |
| 9 (RLIN) |
5482 |
| 700 ## - PUNTO DE ACCESO ADICIONAL--NOMBRE DE PERSONA |
| Nombre Personal |
Urrunaga Soria, Emma |
| 9 (RLIN) |
47085 |
| 700 ## - PUNTO DE ACCESO ADICIONAL--NOMBRE DE PERSONA |
| Nombre Personal |
Aréstegui Pezúa, Alfonso |
| 9 (RLIN) |
47086 |
| 942 ## - ELEMENTOS DE PUNTO DE ACCESO ADICIONAL (KOHA) |
| Fuente de clasificación |
|
| Tipo de item |
Revistas cusqueñas |
| 945 ## - PROCESAMIENTO DE INFORMACIÓN LOCAL (OCLC) |
| Catalogador |
rac |